Southville International School and Colleges
Your cart is empty.
  • Cart
  • Lists
    Public lists Eva Luna New books Lux_list list_1
    Your lists Log in to create your own lists
  • Log in to your account
  • Your cookies
  • Search history
Southville International School and Colleges
  • Advanced search
  • Recent comments
  • Most popular
  • Libraries

Log in to your account

Log in with GOOGLE


If you do not have an external account, but do have a local account, you can still log in:

  1. Home
  2. MARC view: Amber Brown Sees Red /
Normal view MARC view ISBD view

Amber Brown Sees Red / (Record no. 11537)

[ view plain ]
MARC details
000 -LEADER
fixed length control field 01136pam a2200301 a 4500
001 - CONTROL NUMBER
control field 3054291
003 - CONTROL NUMBER IDENTIFIER
control field OSt
005 - DATE AND TIME OF LATEST TRANSACTION
control field 20140310182259.0
008 - FIXED-LENGTH DATA ELEMENTS--GENERAL INFORMATION
fixed length control field 960905s1997 nyua c 000 1 eng
010 ## - LIBRARY OF CONGRESS CONTROL NUMBER
LC control number 96041227
020 ## - INTERNATIONAL STANDARD BOOK NUMBER
International Standard Book Number 0590947281
040 ## - CATALOGING SOURCE
Original cataloging agency DLC
Transcribing agency DLC
Modifying agency DLC
042 ## - AUTHENTICATION CODE
Authentication code lcac
050 00 - LIBRARY OF CONGRESS CALL NUMBER
Classification number PZ 7
Item number .D2394Ao 1997
082 00 - DEWEY DECIMAL CLASSIFICATION NUMBER
Classification number FIC R245
Item number 1997
100 1# - MAIN ENTRY--PERSONAL NAME
Personal name Danziger, Paula,
Dates associated with a name 1944-
9 (RLIN) 20537
245 10 - TITLE STATEMENT
Title Amber Brown Sees Red /
Statement of responsibility, etc Paula Danziger ; Illustrated by Tony Ross.
260 ## - PUBLICATION, DISTRIBUTION, ETC. (IMPRINT)
Place of publication, distribution, etc New York :
Name of publisher, distributor, etc Putnam's,
Date of publication, distribution, etc c1997.
300 ## - PHYSICAL DESCRIPTION
Extent 116 p. :
Other physical details ill. ;
Dimensions 22 cm.
520 ## - SUMMARY, ETC.
Summary, etc The year that she is in the fourth grade is a difficult one for Amber, as she tries to deal with escalating telephone fights between her divorced parents and her father's impending return to take joint custody of her.
650 #1 - SUBJECT ADDED ENTRY--TOPICAL TERM
Topical term or geographic name as entry element Divorce
General subdivision Fiction.
9 (RLIN) 20538
650 #1 - SUBJECT ADDED ENTRY--TOPICAL TERM
Topical term or geographic name as entry element Schools
General subdivision Fiction.
9 (RLIN) 20539
700 1# - ADDED ENTRY--PERSONAL NAME
Personal name Ross, Tony,
Relator term ill.
9 (RLIN) 20540
906 ## - LOCAL DATA ELEMENT F, LDF (RLIN)
a 7
b cbc
c orignew
d 1
e ocip
f 19
g y-gencatlg
942 ## - ADDED ENTRY ELEMENTS (KOHA)
Source of classification or shelving scheme Library of Congress Classification
Koha item type
Holdings
Withdrawn status Lost status Source of classification or shelving scheme Damaged status Home library Current library Shelving location Date acquired Total Checkouts Full call number Barcode Date last seen Copy number Price effective from Koha item type
    Library of Congress Classification   Luxembourg Library Luxembourg Library Fiction Section 09/17/2013   PZ 7 .D2394Ao 1997 17901 02/04/2015 1 09/17/2013 Books

Amber Brown Sees Red /

APA

Danziger P., Ross T., . (1997). Amber Brown Sees Red. New York: Putnam's.

Chicago

Danziger Paula, Ross Tony, . 1997. Amber Brown Sees Red. New York: Putnam's.

Harvard

Danziger P., Ross T., . (1997). Amber Brown Sees Red. New York: Putnam's.

MLA

Danziger Paula, Ross Tony, . Amber Brown Sees Red. New York: Putnam's. 1997.

  • Place hold
  • Print
  • Cite
  • Add to your cart (remove)
  • Save record
    BIBTEX Dublin Core MARCXML MARC (non-Unicode/MARC-8) MARC (Unicode/UTF-8) MARC (Unicode/UTF-8, Standard) MODS (XML) RIS
  • More searches
    Search for this title in:
    Other Libraries (WorldCat) Other Databases (Google Scholar) Online Stores (Bookfinder.com) Open Library (openlibrary.org)

Exporting to Dublin Core...

SOUTHVILLE LIBRARY

Southville International School and Colleges Library

1281 Tropical Ave. Cor. Luxembourg St., BF Homes International, Las Pinas City

Tel. No. 8256374 / 252358 Loc. 117/146

Powered by Koha